Robinson Crusoe
| Main Author: | |
|---|---|
| Format: | Book |
| Published: |
England :
Brown Watson ,
1988
|
| Subjects: |
MARC
| LEADER | 00000cam a2200000 7i4500 | ||
|---|---|---|---|
| 001 | 0000012210 | ||
| 002 | 000013304 | ||
| 005 | 20000330.0 | ||
| 020 | |a 0709701292 | ||
| 090 | 0 | 0 | |a JF |b DEF |
| 100 | 1 | |a Defoe, Daniel | |
| 245 | 1 | 0 | |a Robinson Crusoe |c Daniel Defoe |
| 260 | |a England : |b Brown Watson , |c 1988 | ||
| 300 | |a 191p. : |b ill ; |c 17cm. | ||
| 650 | 0 | 0 | |a Children's stories |
| 999 | |a 017540 |b BUKU |c PINJAMAN |e PERPUSTAKAAN KOMUNITI PETALING JAYA | ||